Powiaty Polski z pustą mapą - Statystyki

Ogólne statystyki
  • Ten quiz został rozwiązany 8 069 razy
    7 048 od ostatniego zresetowania
  • Średni wynik to 158 z 380
Odpowiedzi na mapie
Odpowiedzi zakodowano w zielono-czerwonej skali na mapie do tego quizu, zgodnie z poniższymi procentami.
 
Statystyki odpowiedzi
Powiat % Poprawnych
miasto {Gdańsk}
80%
miasto {Warszawa}
80%
miasto {Kraków}
77%
miasto {Szczecin}
76%
miasto {Gdynia}
74%
miasto {Poznań}
74%
miasto {Wrocław}
74%
miasto {Łódź}
73%
miasto {Lublin}
73%
miasto {Białystok}
72%
miasto {Katowice}
72%
miasto {Toruń}
71%
miasto {Bydgoszcz}
70%
miasto {Olsztyn}
69%
miasto {Rzeszów}
69%
miasto {Sopot}
69%
miasto {Opole}
68%
krakowski
67%
miasto {Radom}
67%
opolski
67%
miasto {Gorzów Wielkopolski}
66%
miasto {Kielce}
66%
miasto {Zielona Góra}
66%
białostocki
65%
bydgoski
65%
miasto {Koszalin}
65%
poznański
65%
toruński
65%
wrocławski
65%
olsztyński
64%
gdański
63%
kielecki
63%
miasto {Częstochowa}
63%
miasto {Suwałki}
63%
radomski
63%
rzeszowski
63%
miasto {Elbląg}
62%
suwalski
62%
zielonogórski
62%
gorzowski
61%
kołobrzeski
61%
koszaliński
61%
miasto {Tarnów}
61%
bielski
60%
częstochowski
60%
miasto {Płock}
60%
miasto {Słupsk}
60%
elbląski
59%
lubelski
59%
miasto {Gliwice}
59%
tarnowski
59%
miasto {Chełm}
58%
miasto {Bielsko-Biała}
57%
miasto {Sosnowiec}
57%
płocki
57%
słupski
57%
miasto {Chorzów}
56%
miasto {Przemyśl}
56%
miasto {Świnoujście}
56%
miasto {Zabrze}
56%
karkonoski
55%
miasto {Bytom}
55%
miasto {Konin}
55%
miasto {Nowy Sącz}
55%
miasto {Zamość}
55%
legnicki
54%
miasto {Jelenia Góra}
54%
miasto {Legnica}
54%
pilski
54%
tatrzański
54%
augustowski
53%
kaliski
53%
koniński
53%
miasto {Łomża}
53%
nowosądecki
53%
pruszkowski
53%
wejherowski
53%
włocławski
53%
chełmski
52%
malborski
52%
miasto {Wałbrzych}
52%
przemyski
52%
sandomierski
52%
wałbrzyski
52%
zamojski
52%
brzeski
51%
inowrocławski
51%
kłodzki
51%
lubiński
51%
miasto {Kalisz}
51%
miasto {Piotrków Trybunalski}
51%
miasto {Rybnik}
51%
miasto {Siedlce}
51%
piotrkowski
51%
pucki
51%
siedlecki
51%
ełcki
50%
miasto {Grudziądz}
50%
miasto {Krosno}
50%
miasto {Tychy}
50%
nowotarski
50%
ostrowski
50%
krośnieński
49%
miasto {Biała Podlaska}
49%
oświęcimski
49%
tarnobrzeski
49%
bełchatowski
48%
gliwicki
48%
miasto {Dąbrowa Górnicza}
48%
stargardzki
48%
bieszczadzki
47%
gnieźnieński
47%
grudziądzki
47%
iławski
47%
miasto {Leszno}
47%
miasto {Włocławek}
47%
nowodworski
47%
ostrołęcki
47%
tczewski
47%
tomaszowski
47%
miasto {Ostrołęka}
46%
miasto {Ruda Śląska}
46%
miasto {Skierniewice}
46%
mielecki
46%
nyski
46%
skierniewicki
46%
żywiecki
46%
chojnicki
45%
cieszyński
45%
łomżynski
45%
miasto {Tarnobrzeg}
45%
puławski
45%
sanocki
45%
bialski
44%
głogowski
44%
lęborski
44%
legionowski
44%
starogardzki
44%
świdnicki
44%
wadowicki
44%
wielicki
44%
miasto {Żory}
43%
policki
43%
wołomiński
43%
zgorzelecki
43%
kolski
42%
miński
42%
otwocki
42%
pabianicki
42%
rybnicki
42%
ciechanowski
41%
dębicki
41%
giżycki
41%
hajnowski
41%
hrubieszowski
41%
miasto {Jaworzno}
41%
miasto {Mysłowice}
41%
mławski
41%
mrągowski
41%
ostrowiecki
41%
sieradzki
41%
żarski
41%
zgierski
41%
aleksandrowski
40%
bocheński
40%
bytowski
40%
dąbrowski
40%
grodziski
40%
jarosławski
40%
miasto {Jastrzębie-Zdrój}
40%
miasto {Siemianowice Śląskie}
40%
stalowowolski
40%
gołdapski
39%
gryficki
39%
kartuski
39%
leszczyński
39%
łowicki
39%
oławski
39%
raciborski
39%
bartoszycki
38%
kamieński
38%
leski
38%
limanowski
38%
miasto {Piekary Śląskie}
38%
miasto {Świętochłowice}
38%
myślenicki
38%
olkuski
38%
warszawski-zachodni
38%
wieluński
38%
żyrardowski
38%
będziński
37%
gorlicki
37%
grójecki
37%
gryfiński
37%
jasielski
37%
kutnowski
37%
łódzki wschodni
37%
ostródzki
37%
piaseczyński
37%
starachowicki
37%
biłgorajski
36%
jaworski
36%
kluczborski
36%
kwidzyński
36%
nowosolski
36%
świebodziński
36%
bolesławiecki
35%
braniewski
35%
chrzanowski
35%
garwoliński
35%
kętrzyński
35%
pszczyński
35%
radomszczański
35%
skarżyski
35%
suski
35%
turecki
35%
wodzisławski
35%
żagański
35%
drawski
34%
jędrzejowski
34%
kędzierzyńsko-kozielski
34%
łęczycki
34%
lidzbarski
34%
lubartowski
34%
oleśnicki
34%
piski
34%
pułtuski
34%
rawski
34%
sejneński
34%
słubicki
34%
średzki
34%
strzelecki
34%
szczecinecki
34%
tucholski
34%
zawierciański
34%
buski
33%
kazimierski
33%
łańcucki
33%
lubliniecki
33%
opatowski
33%
płoński
33%
sławieński
33%
sochaczewski
33%
sokólski
33%
tarnogórski
33%
zambrowski
33%
chełmiński
32%
działdowski
32%
goleniowski
32%
grajewski
32%
janowski
32%
kościerski
32%
kraśnicki
32%
miechowski
32%
międzyrzecki
32%
namysłowski
32%
polkowicki
32%
siemiatycki
32%
śremski
32%
świecki
32%
wałecki
32%
węgorzewski
32%
włodawski
32%
złotoryjski
32%
białogardzki
31%
człuchowski
31%
jarociński
31%
lubański
31%
łukowski
31%
mikołowski
31%
myszkowski
31%
nakielski
31%
nidzicki
31%
nowomiejski
31%
rawicki
31%
sokołowski
31%
włoszczowski
31%
złotowski
31%
brodnicki
30%
dzierżoniowski
30%
głubczycki
30%
kamiennogórski
30%
klobucki
30%
krasnostawski
30%
leżajski
30%
milicki
30%
myśliborski
30%
obornicki
30%
olecki
30%
opoczyński
30%
prudnicki
30%
rycki
30%
sztumski
30%
wyszkowski
30%
ząbkowicki
30%
zduńskowolski
30%
żniński
30%
białobrzeski
29%
gostyniński
29%
gostyński
29%
konecki
29%
kozienicki
29%
krotoszyński
29%
łaski
29%
łęczyński
29%
lubaczowski
29%
moniecki
29%
nowotomyski
29%
oleski
29%
radzyński
29%
szczycieński
29%
wrzesiński
29%
bieruńsko-lędziński
28%
brzozowski
28%
krapkowicki
28%
lipski
28%
łosicki
28%
lwówecki
28%
makowski
28%
przasnyski
28%
przeworski
28%
szamotulski
28%
trzebnicki
28%
wschowski
28%
wysokomazowiecki
28%
żuromiński
28%
brzeziński
27%
golubsko-dobrzyński
27%
kępiński
27%
kolbuszowski
27%
pajęczański
27%
pińczowski
27%
świdwiński
27%
węgrowski
27%
wolsztyński
27%
chodzieski
26%
kolneński
26%
kościański
26%
łobeski
26%
międzychodzki
26%
niżański
26%
ostrzeszowski
26%
parczewski
26%
poddębicki
26%
proszowicki
26%
przysuski
26%
ropczycko-sędziszowski
26%
rypiński
26%
sierpecki
26%
słupecki
26%
strzeliński
26%
wągrowiecki
26%
zwoleński
26%
mogileński
25%
pyrzycki
25%
staszowski
25%
sulęciński
25%
szydłowiecki
25%
wieruszowski
25%
czarnkowsko-trzcianecki
24%
górowski
24%
lipnowski
24%
pleszewski
24%
wołowski
24%
choszczeński
23%
radziejowski
23%
strzelecko-drezdenecki
23%
strzyżowski
23%
wąbrzeski
23%
sępoleński
22%
Nie znaleziono quizów pasujących do podanych kryteriów
Rozkład punktacji
Procent ludzi z każdym wynikiem
Percentyl według liczby udzielonych odpowiedzi
Twoja historia wyników
Nie rozwiązałeś tego quizu od ostatniego zresetowania